| 000 | 00733nam a2200169 a 4500 | ||
|---|---|---|---|
| 001 | 000035110 | ||
| 005 | 20200930074118.0 | ||
| 008 | 111025s1896 sp 000 0 spa d | ||
| 040 |
_aDO-SdBNP _bspa _cBNPHU |
||
| 100 | 1 |
_aLimendoux, Félix, _d[1870-1908] _960780 |
|
| 245 | 1 | 0 |
_aCharivari : _brevista cómico-lírica-fantástica, dividida en cinco cuadros, en prosa y verso / _cLimendoux, López Marín ; música Mateo. |
| 260 |
_aMadrid : _bR. Velasco, imp., Marqués de Santa Ana, _c1896. |
||
| 300 |
_a39 p. ; _c20 cm. |
||
| 500 | _aRepresenta por primera vez en el Teatro Romea la noche del 7 de septiembre de 1896. | ||
| 700 | 1 | 2 |
_aLópez-Marín, Enrique, _d[1868-1918] _960781 |
| 700 | 1 | 2 |
_aMateos, Gregorio, _d[1859-1910] _emús. _960782 |
| 999 |
_c34601 _d34601 |
||